000
00308nam a22001457a 4500
008
210518b ||||| |||| 00| 0 eng d
020
_a
9781930398030
041
_a
eng
080
_2
3rd
_a
32
082
_a
32
100
_a
20
101
_a
SHP
245
_a
American Polity
_c
Serow,A.G
942
_2
udc
_c
BK
999
_c
57405
_d
57405